000 00536nam a2200181Ia 4500
999 _c1634
_d1634
003 OSt
005 20201001101056.0
008 190216s9999||||xx |||||||||||||| ||und||
020 _a8181280881
040 _coclc
082 _a660.6
_bHAM/P
100 _aHammond, J
_95254
245 0 _aPlant Biotechnology :
_bNew Products And Applications /
_c J Hammond ; P Mcgarvey ; V Yusibov
260 _bSpringer,
_aNew York:
_c2004.
300 _a195p
650 _aBotany
942 _cBK
_2ddc
_h660.6
_iHAM/P
_k660.6
_mHAM/P